000 00373nam a2200145Ia 4500
008 150201s2013 xx 000 0 und d
082 _a614.1
_bP12N
100 _aNANDY , APURBA
245 _aPRINCIPLES OF FORENSIC MEDICINE INCLUDING TOXICOLOGY
250 _a3RD
260 _bNCBA
_aHYDERABAD
_c2013
300 _a1-1013
650 _aFORENSIC MEDICINE
942 _2ddc
_cBK
999 _c1438
_d1438